Využitie aplikácií MS Office v manažmente malého podniku bakalárska práca

Saved in:
Bibliographic Details
Main Author: Mituníková, Simona
Corporate Author: Fakulta podnikového manažmentu EU. Katedra informačného manažmentu
Other Authors: Bolek, Vladimír, 1988-
Format: Book
Language:Slovak
Published: Bratislava 2021
Tags: Add Tag
No Tags, Be the first to tag this record!

MARC

LEADER 00000nbm a2200000 4500
001 0275607
005 20211104095333.9
041 0 |a slo 
044 |a SK 
245 1 0 |a Využitie aplikácií MS Office v manažmente malého podniku  |b bakalárska práca  |c Simona Mituníková ; školiteľ: Vladimír Bolek 
264 1 |a Bratislava  |c 2021 
300 |a 51 s. 
100 1 |a Mituníková, Simona 
700 1 |a Bolek, Vladimír, 1988- 
710 2 |a Fakulta podnikového manažmentu EU. Katedra informačného manažmentu